000 00254nam a2200109Ia 4500
008 230320s9999||||xx |||||||||||||| ||spa||
082 _a136.73/Z88
100 _aZulliger, Hans
245 0 _aPubertad De Los Muchachos
260 _bHERDER
942 _80
_cLIB
999 _c25660
_d25660